Schweizer Fussball Logos - Statistiken

Allgemein
  • Dieses Quiz wurde 327 mal gespielt
  • Das Durchschnittsergebnis liegt bei 17 aus 20
Antwortstatistiken
Bildquiz Antwort % Korrekt
FC Basel 1893
100%
BSC Young Boys
98%
FC Zürich
95%
FC St. Gallen 1879
93%
FC Luzern
91%
Servette FC
90%
FC Lausanne-Sport
88%
FC Lugano
88%
FC Sion
88%
FC Thun
85%
GC Zürich
83%
FC Winterthur
82%
FC Vaduz
81%
Neuchâtel Xamax FCS
80%
FC Aarau
79%
Yverdon-Sport FC
77%
FC Schaffhausen
72%
FC Wil 1900
67%
AC Bellinzona
65%
FC Stade Lausanne-Ouchy
60%
Keine übereinstimmenden Quizze gefunden
Verteilung der Resultate
Anzahl Personen mit jedem Resultat
Perzentil nach korrekt beantworteten Fragen
Ihre Resultats-Entwicklung
Sie haben dieses Quiz noch nicht gespielt